00751nam a2200217Ii 45000010005000000030009000050080041000140400033000550410008000880820012000961000028001082450039001362640060001753000012002353360026002473370028002733380027003019400050003289990017003789520138003955650CO-ViMGA241108s9999||||xx |||||||||||||| ||und|| aCO-ViMGAbspaerdacCO-ViMGA0 aunk04a840-T531 aAlbert Thibaudet95329110aHistoria de la literatura francesa 1a[Lugar de publicación no identificado] : Losada, 1957 avolumen atextbtxt2rdacontent aunmediatedbn2rdamedia avolumebnc2rdacarrier aidficha_siabuc: 5504. -- ficha_no_siabuc:5650 c49866d49866 001040708001aMEVIGERRbMEVIGERRcGENd2006-11-27hVol.1o840-T53pECA4800r2024-11-26 10:01:25tEj.1w2024-11-26yBKz5504 | 7753